La gran transformación: los orígenes políticos y económicos de nuestro tiempo

Na minha lista:
Detalhes bibliográficos
Autor principal: Polanyi, Karl (Autor)
Formato: Livro
Idioma:espanhol
Publicado em: Ciudad de México Fondo Cultural de Economía 2003
Edição:2a. ed
Assuntos:
Tags: Adicionar Tag
Sem tags, seja o primeiro a adicionar uma tag!

MARC

LEADER 00000nam a2200000 a 4500
001 UCK4511
003 CL-VaPUC
008 050610e20030000MX |||||||||||||||||spa|d
020 |a 9681670787 
082 0 4 |a 320.5  |b POL  |2 21 
100 0 |a Polanyi, Karl  |e author  |9 493024 
245 1 3 |a La gran transformación: los orígenes políticos y económicos de nuestro tiempo 
250 |a 2a. ed 
300 |a 399 p 
942 |c BK 
945 |d 20050610 00:00:00  |a cmena 
260 |a Ciudad de México  |b Fondo Cultural de Economía  |c 2003 
650 0 |a Ciencias Políticas  |9 255201 
650 0 |a Economía de mercado  |9 328785 
650 0 |a Capitalismo  |9 255255 
650 0 |a Política económica   |9 255029 
583 |a last modification  |c 20050610 00:00:00  |k Rodrigo Vera 
999 |c 313342  |d 313340 
952 |0 0  |1 0  |4 0  |6 320_500000000000000_POL_2003  |7 0  |8 A  |9 384649  |a BIBHIS  |b BIBHIS  |d 2019-11-22  |i 4132076  |l 1  |m 2  |o 320.5 POL 2003  |p 4132076  |r 2025-01-20  |s 2024-09-25  |w 2019-11-22  |y BK  |k HIS